000 00778nam a2200265Ia 4500
003 OSt
005 20220928131430.0
006 a|||||r|||| 00| 0
007 ta
008 220927b |||||||| |||| 00| 0 eng d
020 _c15706.92
024 _a106539
037 _b613, 15/03/2010, Pioneer Book Distributors
_cTextual
040 _aSDCL
_cSDCL
_beng
041 _2eng
_aeng
082 _aX:(B)g, P9
100 _aAnderson T G
_9478101
245 0 _aHandbook of financial time series.
260 _aBerlin
_bSpringer
_c2009
300 _axxix, 1050p
_ccm.
650 _aReference
700 _a Davis R A
_9478102
942 _hX:(B)g, P9
_cTEXL
_2CC
999 _c790602
_d790602